000 01109nam a2200313 i 4500
003 EG-ScBUE
005 20240807091115.0
008 180802r20072001enka f b 001 0 eng d
020 _a0749285583
040 _aEG-ScBUE
_beng
_erda
_cEG-ScBUE
_dEG-ScBUE
043 _aa------
082 0 4 _a940.5
_bTOT
_222
245 0 0 _aTotal war and social change :
_b Europe, 1914-1955 /
_cArthur Marwick [and six others]
250 _aReprinted edition.
264 1 _aMilton Keynes :
_bOpen University,
_c2007.
300 _a147 pages :
_billustrations ;
_c24 cm.
336 _2rdacontent
_atext
_btxt
337 _aunmediated
_2rdamedia
_bn
338 _avolume
_bnc
_2rdacarrier
490 0 _aOpen University.
_aCourse ;
_vAA312
504 _aIncludes bibliographical references and index.
505 2 _aBook. 5. Retrospect : war and change in Europe, 1914-1955.
650 7 _aMilitary history, Modern
_y20th century.
_2BUEsh
651 7 _aEurope
_xSocial conditions
_y20th century.
_2BUEsh
653 _bBUSBOL
_bGGEN
_cAugust2018
655 _vReading book
700 1 _aMarwick, Arthur,
_eauthor.
942 _2ddc
_cBB
999 _c26827
_d26799